Detalles MARC
| 000 -CABECERA |
| campo de control de longitud fija |
01393nam a2200301 a 4500 |
| 001 - NÚMERO DE CONTROL |
| campo de control |
000022250 |
| 003 - IDENTIFICADOR DEL NÚMERO DE CONTROL |
| campo de control |
DO-SdBNP |
| 005 - FECHA Y HORA DE LA ÚLTIMA TRANSACCIÓN |
| campo de control |
20240301073825.0 |
| 007 - CAMPO FIJO DE DESCRIPCIÓN FÍSICA--INFORMACIÓN GENERAL |
| campo de control de longitud fija |
ta |
| 008 - DATOS DE LONGITUD FIJA--INFORMACIÓN GENERAL |
| campo de control de longitud fija |
100921e2000 dr gr 001 edspa d |
| 020 ## - NÚMERO INTERNACIONAL ESTÁNDAR DEL LIBRO |
| Número Internacional Estándar del Libro |
9993480053 |
| 040 ## - FUENTE DE LA CATALOGACIÓN |
| Centro catalogador/agencia de origen |
DO-SdBNP |
| Lengua de catalogación |
spa |
| Centro/agencia transcriptor |
BNPHU |
| 082 ## - NÚMERO DE LA CLASIFICACIÓN DECIMAL DEWEY |
| Número de documento/Ítem |
G216g |
| 100 1# - ENTRADA PRINCIPAL--NOMBRE DE PERSONA |
| Nombre de persona |
García, Juan Manuel, |
| Fechas asociadas al nombre |
1976- |
| 9 (RLIN) |
46008 |
| 245 10 - MENCIÓN DE TÍTULO |
| Título |
Gobierno del PLD : |
| Resto del título |
crónica de una moral sin memoria / |
| Mención de responsabilidad, etc. |
Juan Manuel García ; prólogo, Diógenes Céspedes. |
| 260 ## - PUBLICACIÓN, DISTRIBUCIÓN, ETC. |
| Lugar de publicación, distribución, etc. |
Santo Domingo : |
| Nombre del editor, distribuidor, etc. |
Manatí, |
| Fecha de publicación, distribución, etc. |
2000 |
| 300 ## - DESCRIPCIÓN FÍSICA |
| Extensión |
468 p. ; |
| Dimensiones |
24 cm. |
| 500 ## - NOTA GENERAL |
| Nota general |
Incluye datos biográficos del autor en la contracubierta |
| 500 ## - NOTA GENERAL |
| Nota general |
Incluye Bibliografía y notas al pie de páginas |
| 505 ## - NOTA DE CONTENIDO CON FORMATO |
| Nota de contenido con formato |
Prólogo. |
| 505 ## - NOTA DE CONTENIDO CON FORMATO |
| Nota de contenido con formato |
Introducción |
| Título |
Aparte de lo moral, el método.-- |
| -- |
Empezaron acorralados.-- |
| -- |
Periodismo, periodistas y sobornos.-- |
| -- |
"Un real fracaso": O una moral sin memoria.-- |
| -- |
La concertación ¿Una táctica.--? |
| -- |
El palacio ¿Local del PLD? |
| -- |
¿Por qué escondidas?.-- |
| -- |
La iglesia.-- |
| -- |
Autoritarismo apuñalado.-- |
| -- |
Corrupción.-- |
| -- |
Círculo vicioso.-- |
| -- |
Intercambio de disparos.-- |
| -- |
Conclusión.-- |
| -- |
Bibliografía. |
| 590 ## - NOTA LOCAL (RLIN) |
| Nota local |
Inventariado 2023 / MF |
| 650 #4 - PUNTO DE ACCESO ADICIONAL DE MATERIA--TÉRMINO DE MATERIA |
| 9 (RLIN) |
80905 |
| Término de materia o nombre geográfico como elemento de entrada |
Partido de la Liberación Dominicana PLD |
| 651 #4 - PUNTO DE ACCESO ADICIONAL DE MATERIA--NOMBRE GEOGRÁFICO |
| 9 (RLIN) |
2024 |
| Nombre geográfico |
República Dominicana |
| Subdivisión general |
Partidos Políticos |
| 700 1# - PUNTO DE ACCESO ADICIONAL--NOMBRE DE PERSONA |
| Nombre de persona |
Céspedes, Diógenes, |
| Fechas asociadas al nombre |
1941- |
| Término indicativo de función/relación |
pról. |
| 9 (RLIN) |
20548 |
| 910 ## - DATOS DE OPCIÓN DEL USUARIO (OCLC) |
| Datos de opción del usuario |
MFeliz |
| 942 ## - ELEMENTOS DE PUNTO DE ACCESO ADICIONAL (KOHA) |
| Fuente del sistema de clasificación o colocación |
Dewey Decimal Classification |
| Tipo de ítem Koha |
Libro |